El pez pulmonado, el dodó y el unicornio / (Record no. 92089)

MARC details
000 -LEADER
campo de control de longitud fija 00652nam a2200193 i 4500
001 - NÚMERO DE CONTROL
campo de control 92089
003 - IDENTIFICADOR DE NÚMERO DE CONTROL
campo de control ES-MaACL
005 - FECHA Y HORA DE LA ÚLTIMA TRANSACCIÓN
campo de control 20230906180909.0
007 - CAMPO FIJO DE DESCRIPCIÓN FÍSICA--INFORMACIÓN GENERAL
campo de control de longitud fija t|
008 - DATOS DE LONGITUD FIJA--INFORMACIÓN GENERAL
campo de control de longitud fija 050221s1963 sp ||||1| spa d
100 1# - ENTRADA PRINCIPAL--NOMBRE DE PERSONA
Nombre de persona Ley, Willy.
9 (RLIN) 72090
245 13 - MENCIÓN DEL TÍTULO
Título El pez pulmonado, el dodó y el unicornio /
Mención de responsabilidad, etc. Willy Ley; traducción por José Banfi y Alfredo B. Besio; revisada por el Dr. Alfonso Alvarez Villar.
260 ## - PUBLICACIÓN, DISTRIBUCIÓN, ETC.
Lugar de publicación, distribución, etc. Madrid :
Nombre del editor, distribuidor, etc. Espasa Calpe,
Fecha de publicación, distribución, etc. 1963.
300 ## - DESCRIPCIÓN FÍSICA
Extensión 360 p. :
Otras características físicas il. ;
Dimensiones 23 cm.
700 1# - ENTRADA AGREGADA--NOMBRE PERSONAL
Nombre de persona Banfi, José.
9 (RLIN) 25193
700 1# - ENTRADA AGREGADA--NOMBRE PERSONAL
Nombre de persona Besio, Alfredo B.
9 (RLIN) 28578
700 1# - ENTRADA AGREGADA--NOMBRE PERSONAL
Nombre de persona Alvarez Villar, Alfonso.
9 (RLIN) 20998
852 ## - LOCALIZACIÓN
Ubicación ES-MaACL
Número de control de estantería C-25379
Sublocalización o colección R.54250
Holdings
Estatus retirado Estado de pérdida Estado de daño No para préstamo Biblioteca de origen Biblioteca actual Ubicación en estantería Fecha de adquisición Fuente de adquisición Total de préstamos Signatura topográfica completa Código de barras Visto por última vez Precio de reemplazo Tipo de ítem Koha
        Biblioteca del Ateneo de Madrid Biblioteca del Ateneo de Madrid Depósito 2 17/01/2008     C-25379 1096149 23/02/2023 23/02/2023 Libro impreso